Central-Library-PUMHS

Online Public Access Catalogue

Welcome to PUMHS Central Library Nawabshah, SBA

Robbin's Basic Pathology (Record no. 33707)

000 -LEADER
fixed length control field 00347nam a22001577a 4500
003 - CONTROL NUMBER IDENTIFIER
control field OSt
005 - DATE AND TIME OF LATEST TRANSACTION
control field 20251104105350.0
008 - FIXED-LENGTH DATA ELEMENTS--GENERAL INFORMATION
fixed length control field 200104b ||||| |||| 00| 0 eng d
082 ## - DEWEY DECIMAL CLASSIFICATION NUMBER
Classification number 616.07 KUM
100 ## - MAIN ENTRY--PERSONAL NAME
Personal name Kumar,Vinay
245 ## - TITLE STATEMENT
Title Robbin's Basic Pathology
250 ## - EDITION STATEMENT
Edition statement 7th ed.
490 ## - SERIES STATEMENT
Series statement 7th ed.
650 ## - SUBJECT ADDED ENTRY--TOPICAL TERM
Topical term or geographic name as entry element Pathology
942 ## - ADDED ENTRY ELEMENTS (KOHA)
Source of classification or shelving scheme
Koha item type Donated Book
Holdings
Withdrawn status Lost status Source of classification or shelving scheme Damaged status Not for loan Permanent Location Current Location Date acquired Full call number Barcode Date last seen Price effective from Koha item type
          Central Library Main Campus PUMHSW Nawabshah (SBA) Donated Book Section (PUMHS Central Library) 2020-01-04 616.07 KUM 137D 2020-01-04 2020-01-04 Donated Book
          Central Library Main Campus PUMHSW Nawabshah (SBA) Donated Book Section (PUMHS Central Library) 2020-01-04 616.07 KUM 138D 2020-01-04 2020-01-04 Donated Book
          Central Library Main Campus PUMHSW Nawabshah (SBA) Donated Book Section (PUMHS Central Library) 2020-01-04 616.07 KUM 139D 2020-01-04 2020-01-04 Donated Book
          Central Library Main Campus PUMHSW Nawabshah (SBA) Donated Book Section (PUMHS Central Library) 2020-01-04 616.07 KUM 140D 2020-01-04 2020-01-04 Donated Book

Copyright © 2018,The PUMHSW, Nawabshah, Shaheed Benazirabad. All rights reserved
Mr. Abdul Sattar Mahar (Chief Librarian) PUMHSW, Nawabshah, Sindh, Pakistan 67480.
Ph#: | 0244-9370425 Ext. 2241 Email| librarian@pumhs.edu.pk Web| http://www.pumhs.edu.pk
سنڌي ڪي بورڊ